000 00903nas a2200301 4500
001 BR2010005737
003 BR-BrBNA
005 20231205114746.0
007 ta
008 230509b bl.|||p| |||| 00| 00por d
040 _aBR-BrBNA
_bpor
_cBiblioteca Nacional de Agricultura
041 _a(Pt)
072 _aK10; F50
100 1 _aOliveira, L.Z. de
100 1 _aCesarino, F.
100 1 _aPantoja, T. de F.
100 1 _aMôro, F.V.
245 1 _aAspectos morfológicos de frutos, sementes, germinação e plântulas de Hymenolobium petraeum
650 _aMORFOLOGIA VEGETAL
650 _aSEMENTE
650 _aFRUTO
650 _aGERMINAÇÃO
650 _aANGELIM PEDRA
650 _aÁRVORE ANGIOSPERMA
773 0 _tCiência Rural (Brazil)
_xISSN 0103-8478
_g(Aug 2010), v. 40(8) p. 1732-1740
_wBR2010005737
909 _a202311
_bLúcia
_c55
_dLúcia Elande
942 _2AGRIS
_n0
_cANA
999 _c210334
_d210334